| 000 | 00605nam a2200241Ia 4500 | ||
|---|---|---|---|
| 003 | OSt | ||
| 005 | 20221007104234.0 | ||
| 006 | a|||||r|||| 00| 0 | ||
| 007 | ta | ||
| 008 | 221006b |||||||| |||| 00| 0 eng d | ||
| 024 | _a15,282 | ||
| 037 | _cTextual | ||
| 040 |
_aLCO _cLCO _beng |
||
| 041 |
_2eng _aeng |
||
| 082 | _aZ3,91, K4 | ||
| 100 |
_aLloyd Dennis _9152591 |
||
| 245 | 0 | _aIdea of Law | |
| 260 |
_aMiddlesex _bPenguin Books England _c1964 |
||
| 300 | _a363 | ||
| 650 |
_aIDEA OF LAW _9705921 |
||
| 942 |
_hZ3,91, K4 _cTEXL |
||
| 999 |
_c1184845 _d1184845 |
||